LEADER 01608nam a2200301 i 4500 001 000000173554 003 CaOOAMICUS 005 20080722000000.0 008 080722s2004 it u000 u ita u 013 $a151007 020 $a88-215-5014-1 040 $aSeMil$bita 110 2 $aAssociazione teologica italiana per lo studio della morale.$0(OLS)http://semarc/name/2260 245 10$aSperanza umana e speranza escatologica :$b[Atti del 20. Congresso nazionale dell'ATISM, Benevento, 9-12 settembre 2002] /$cAssociazione teologica italiana per lo studio della morale ; a cura di Romano Altobelli e Salvatore Privitera. 260 $aCinisello Balsamo :$bSan Paolo,$c2004. 300 $a313 p. ;$c22 cm. 490 0 $aTeologia morale : studi e testi ;$v11 650 4$aSperanza - Teologia.$0(OLS)http://semarc/subject/366 650 4$aTeologia morale - Atti di congressi.$0(OLS)http://semarc/subject/18499 700 1 $aPrivitera, Salvatore <1945-2004>.$0(OLS)http://semarc/name/2522 700 1 $aAltobelli, Romano.$0(OLS)http://semarc/name/62560 830 0$aTeologia morale : studi e testi ;$v11.$0(OLS)http://semarc/title/255 850 $aSeMil 852 $aSeMil$W1$xVenegono$y1$m2E V 121$j124399$B124399$CSeMilBibl$Z2$F135462 $81 961 $aAcquisto: DEA 996 $6020$a88-215-5014-1$9(OLS)http://semarc/number/161239 996 $6245$aSperanza umana e speranza escatologica :$b[Atti del 20. Congresso nazionale dell'ATISM, Benevento, 9-12 settembre 2002]$9(OLS)http://semarc/title/248646 996 $6260$aCinisello Balsamo :$bSan Paolo$9(OLS)http://semarc/publisher/30129 LEADER 01206nam a2200265 i 4500 001 000000189477 003 CaOOAMICUS 005 20150217000000.0 008 150217s1949 it u000 u ita u 013 $a167751 040 $aSeMil$bita 245 10$aPietà e Madonne di Giovanni Bellini /$cpresentazione di Fernanda Wittgens. 260 $aMilano :$bBompiani,$c1949. 300 $a10 p., [23] c. di tav. :$bill. ;$c35 cm. 490 0 $aApologie dei capolavori dell'arte italiana riprodotti nelle misure originali ;$v3 500 $aFondo card. Giovanni Colombo. 600 14$aBellini, Giovanni .$0(OLS)http://semarc/subject/18817 700 1 $aWittgens, Fernanda <1903-1957>.$0(OLS)http://semarc/name/93499 830 0$aApologie dei capolavori dell'arte italiana riprodotti nelle misure originali ;$v3.$0(OLS)http://semarc/title/19272 850 $aSeMil 852 $aSeMil$W1$xVenegono$y1$m3GC VIII 52$j140108$B140108$CSeMilBibl$Z2$F151707 $8B 941 1 $a3 961 $aLascito: Colombo Card. Giovanni 996 $6245$aPietà e Madonne di Giovanni Bellini$9(OLS)http://semarc/title/210953 996 $6260$aMilano :$bBompiani$9(OLS)http://semarc/publisher/29706